000 00558nam a2200217Ia 4500
003 OSt
005 20230606104639.0
008 210423s2013 xx 000 0 und d
020 _a978-81-8455-194-5
040 _cAL
041 _aeng
082 _a155.9042 AROS
100 _aARORA (B K)
_9119946
245 _aStress management
260 _aNew Delhi
_bOmega Publications
_c2013
300 _aviii,280
_bHB
365 _b750
_cINR
650 _aDifferential & Developmental Psychology
_9119947
906 _amanagement ; Stress
942 _2ddc
_cBK
999 _c176702
_d176702